Petr a Lucie / Romain Rolland ; přeložil Jaroslav Zaorálek ; [ilustroval Zdeněk Brdlík]
Record details
- Physical Description: 96 s. : il. ; 21 cm
- Edition: 12. vyd., (V Melantrichu 1.)
- Publisher: Praha : Melantrich, 1984
Content descriptions
| General Note: | Přeloženo z francouzštiny 50000 výt. |
Available copies
- 1 of 1 copy available at Common Catalog SPOK.
Holds
- 0 current holds with 1 total copy.
Other Formats and Editions
Show Only Available Copies
| Location | Call Number / Copy Notes | Barcode | Shelving Location | Status | Due Date |
|---|---|---|---|---|---|
| KDS Library | 810 RoR | 204576801195 | Library | Available | - |
| LDR | 00953nam a2200301 a 4500 | ||
|---|---|---|---|
| 001 | 20879 | ||
| 003 | CZ-PrJAB | ||
| 005 | 20150710105045.0 | ||
| 007 | ta | ||
| 008 | 840903s1984 xr a 000 cze | ||
| 015 | . | ‡acnb000009872 | |
| 020 | . | ‡q(Váz.) : ‡cKčs 13,00 | |
| 035 | . | ‡a(CZ PrNK)ck8402483 | |
| 035 | . | ‡a(OCoLC)85554833 | |
| 040 | . | ‡aABA001 ‡bcze ‡dABA001 | |
| 041 | 1 | . | ‡acze ‡hfre |
| 080 | . | ‡a840-32 ‡2undef | |
| 100 | 1 | . | ‡aRolland, Romain, ‡d1866-1944 ‡7jn19990007118 ‡4aut |
| 240 | 1 | 0. | ‡aPierre et Luce. ‡lČesky |
| 245 | 1 | 0. | ‡aPetr a Lucie / ‡cRomain Rolland ; přeložil Jaroslav Zaorálek ; [ilustroval Zdeněk Brdlík] |
| 250 | . | ‡a12. vyd., (V Melantrichu 1.) | |
| 260 | . | ‡aPraha : ‡bMelantrich, ‡c1984 ‡f(Mír 3) | |
| 300 | . | ‡a96 s. : ‡bil. ; ‡c21 cm | |
| 500 | . | ‡aPřeloženo z francouzštiny | |
| 500 | . | ‡a50000 výt. | |
| 700 | 1 | . | ‡aZaorálek, Jaroslav, ‡d1896-1947 ‡7jk01152086 ‡4trl |
| 700 | 1 | . | ‡aBrdlík, Zdeněk, ‡d1929-1983 ‡7jz8000117 ‡4ill |
| 910 | . | ‡aABE463 | |
| 998 | . | ‡a000009872 | |
| 901 | . | ‡a20879 ‡b ‡c20879 ‡tbiblio | |